Државе света - Statistics

General Stats
  • This quiz has been taken 65 times
  • The average score is 113 of 196
Answers on the Map
Answers color-coded by a green-red scale on the quiz's map according to % correct below.
 
Answer Stats
Country % Correct
Србија
93%
Аустрија
90%
Италија
90%
Пољска
90%
Португал
90%
Босна и Херцеговина
88%
Канада
88%
Исланд
88%
Индија
88%
Црна Гора
88%
Румунија
88%
Русија
88%
Словенија
88%
Швајцарска
88%
Уједињено Краљевство
88%
Сједињене Државе Америке
88%
Бразил
86%
Бугарска
86%
Кина
86%
Хрватска
86%
Данска
86%
Немачка
86%
Ирска
86%
Јапан
86%
Норвешка
86%
Шпанија
86%
Албанија
83%
Француска
83%
Грчка
83%
Северна Македонија
83%
Мексико
83%
Холандија
83%
Словачка
83%
Турска
83%
Аргентина
81%
Белорусија
81%
Финска
81%
Мађарска
81%
Шведска
81%
Украјина
81%
Аустралија
79%
Белгија
79%
Египат
79%
Иран
79%
Летонија
79%
Литванија
79%
Северна Кореја
79%
Јужна Кореја
79%
Андора
76%
Естонија
76%
Ирак
76%
Луксембург
76%
Туркменистан
76%
Косово
74%
Мароко
74%
Авганистан
71%
Чиле
71%
Куба
71%
Лихтенштајн
71%
Мадагаскар
71%
Малта
71%
Нови Зеланд
71%
Тунис
71%
Уругвај
71%
Алжир
69%
Израел
69%
Казахстан
69%
Молдавија
69%
Монако
69%
Ватикан
69%
Колумбија
67%
Кипар
67%
Индонезија
67%
Монголија
67%
Саудијска Арабија
67%
Таџикистан
67%
Азербејџан
64%
Пакистан
64%
Парагвај
64%
Република Конго
64%
Сан Марино
64%
Сирија
64%
Уједињени арапски Емирати
64%
Узбекистан
64%
Демократска Република Конго
62%
Грузија
62%
Перу
62%
Катар
62%
Судан
62%
Јерменија
60%
Либија
60%
Оман
60%
Тајланд
60%
Венецуела
60%
Боливија
57%
Јордан
57%
Киргистан
57%
Малдиви
57%
Непал
57%
Јужна Африка
57%
Бутан
55%
Обала Слоноваче
55%
Малезија
55%
Вијетнам
55%
Јемен
55%
Ангола
52%
Бангладеш
52%
Чад
52%
Етиопија
52%
Хондурас
52%
Кенија
52%
Лаос
52%
Либан
52%
Панама
52%
Доминика
50%
Еквадор
50%
Мали
50%
Нигер
50%
Нигерија
50%
Јужни Судан
50%
Шри Ланка
50%
Танзанија
50%
Мјанмар
48%
Хаити
48%
Тајван
48%
Боцвана
45%
Јамајка
45%
Кувајт
45%
Никарагва
45%
Филипини
45%
Сенегал
45%
Сингапур
45%
Сомалија
45%
Замбија
45%
Камбоџа
43%
Камерун
43%
Костарика
43%
Фиџи
43%
Гана
43%
Гватемала
43%
Мауританија
43%
Папуа Нова Гвинеја
43%
Руанда
43%
Сејшели
43%
Суринам
43%
Бахреин
40%
Доминиканска република
40%
Источни Тимор
40%
Еритреја
40%
Гвинеја
40%
Лесото
40%
Либерија
40%
Мозамбик
40%
Намибија
40%
Того
40%
Зимбабве
40%
Чешка Република
38%
Ел Салвадор
38%
Уганда
38%
Брунеј
36%
Бурунди
36%
Гвајана
36%
Малави
36%
Тринидад и Тобаго
36%
Барбадос
33%
Зеленортска Острва
33%
Маурицијус
33%
Сао Томе
33%
Есватини
33%
Белизе
31%
Бенин
31%
Џибути
31%
Микронезија
31%
Гренада
31%
Тонга
31%
Антигва и Барбуда
29%
Буркина Фасо
29%
Комори
29%
Тувалу
29%
Екваторијална Гвинеја
26%
Гамбија
26%
Гвинеја-Бисао
26%
Маршалска острва
26%
Сент Китс и Невис
26%
Сент Винсент и Гренадины
26%
Сијера Леоне
26%
Централна Афричка Република
24%
Габон
24%
Кирибати
24%
Палау
24%
Самоа
24%
Вануату
24%
Науру
19%
Соломонска острва
19%
Бахаме
17%
Сент Люсия
0%
No matching quizzes found
Score Distribution
Percent of People with Each Score
Percentile by Number Answered
Your Score History
You have not taken this quiz